000 01032nam a22002537a 4500
005 20170124103057.0
010 _aB-048343
020 _c100.00
035 _aB-048343
037 _bCen Lib/Ret
040 _aDPL
_bHN
082 _a920
_bभोलार
100 _aभोला, रचना
_975472
245 _aविशाल भारत के राष्ट्रपति /
_cरचना भोला
246 _aVishal bharat ke rashtrpati /
_bby Rachna Bhola
260 _aनई दिल्ली
_bविजय पब्लिशर्स
_c2001
270 _a5, गोला मार्किट, दरिया गंज
_bनई दिल्ली
_e110002
300 _a96पृ.
_c21सेमी(सजिल्द)
650 _aहिन्दी साहित्य
_975473
650 _aहिन्दी -- आत्मकथा
_975474
650 _aHindi literature
_975475
650 _aHindi - Biographies
_975476
942 _2ddc
_cHN
_h920
_mभोलार
999 _c117570
_d117570